Normal view
MARC view
Entry Personal Name
001 - CONTROL NUMBER
- control field: 1791
003 - CONTROL NUMBER IDENTIFIER
- control field: AM-YEHGA
005 - DATE AND TIME OF LATEST TRANSACTION
- control field: 20250617070431.0
008 - FIXED-LENGTH DATA ELEMENTS
- fixed length control field: 050531 a|ac|n|aab||||||||||||a |n|||||||
040 ## - CATALOGING SOURCE
- Original cataloging agency: AM-YEHGA
100 1# - HEADING--PERSONAL NAME
- Personal name: Նազարյան, Արման Հրանտի,
- Dates associated with a name: 1928-2007
400 1# - SEE FROM TRACING--PERSONAL NAME
- Personal name: Նազարյան, Արման,
- Dates associated with a name: 1928-2007
400 1# - SEE FROM TRACING--PERSONAL NAME
- Personal name: Նազարյան, Ա.Հ.
- Fuller form of name: (Արման Հրանտի),
- Dates associated with a name: 1928-2007
400 1# - SEE FROM TRACING--PERSONAL NAME
- Personal name: Назарян, Арман Грантович,
- Dates associated with a name: 1928-2007
400 1# - SEE FROM TRACING--PERSONAL NAME
- Personal name: Назарян, Арманд Грантович,
- Dates associated with a name: 1928-2007
400 1# - SEE FROM TRACING--PERSONAL NAME
- Personal name: Назарян, А.Г.
- Fuller form of name: (Арманд Грантович),
- Dates associated with a name: 1928-2007
400 1# - SEE FROM TRACING--PERSONAL NAME
- Personal name: Nazaryan, Arman Hranti,
- Dates associated with a name: 1928-2007
670 ## - SOURCE DATA FOUND
- Source citation: Հայկական համառոտ հանրագիտարան, 1999 :
- Information found: հ. 3 (Նազարյան Արման Հրանտի (ծ. 16.6.1928, Պլովդիվ (Բուլղարիա)), լեզվաբան-ռոմանագետ։ Բանաս. գիտ. դ-ր (1980), պրոֆ. (1984)։ 1946-ից ապրում է Հայ-ում։ Մոսկվայի Պ. Լումումբայի անվ. համալս. (1966-83), ԵՊՀ (1983-ից) դասախոս, ռոմ. բանաս. ամբիոնի վարիչ (1987-ից))
670 ## - SOURCE DATA FOUND
- Source citation: Լեզվաբանական տերմինների ֆրանսերեն-ռուսերեն-հայերեն ուսումնական բառարան, 1993 :
- Information found: տիտղթ. (Ա.Հ. Նազարյան)
670 ## - SOURCE DATA FOUND
- Source citation: История развития французской фразеологии. Для институтов и факультетов иностранных языков : Учебное пособие, 1981 :
- Information found: т.л. (А.Г. Назарян); конц. (Назарян Арманд Грантович)
ՀՀ Գիտությունների ազգային ակադեմիայի հիմնարար գիտական գրադարան = Fundamental Scientific Library of NAS RA
All site content, except where otherwise noted, is licensed under a